WWE Finisher '19 - Statistics

General Stats
  • This quiz has been taken 87 times
    85 since last reset
  • The average score is 61 of 142
Answer Stats
Finisher Wrestler/in/Tag Team/Stable % Correct
Twisted Bliss Alexa Bliss
95%
Pop-up Powerbomb Kevin Owens
93%
Zig Zag Dolph Ziggler
79%
RKO Randy Orton
79%
Spear Bobby Lashley/Roman Reigns/Kairi Sane/Charlotte Flair/Bianca BelaAir
76%
Sister Abigail Bray Wyatt
76%
F5 Brock Lesnar
76%
Angle Slam Kurt Angle
76%
619 Rey Mysterio
76%
Asuka-Lock Asuka
74%
Chokeslam Kane/Undertaker
74%
Trouble in Paradise Kofi Kingston
74%
Brogue Kick Sheamus
74%
Samoan Splash The Usos/Tamina
74%
Phenomenal Forearm AJ Styles
71%
Ankle Lock Chad Gable/Kurt Angle
71%
Blackout/The Stomp/Curbstomp Seth Rollins
71%
Skull Crushing Finale The Miz
71%
Syles Clash AJ Styles
69%
Claymore Drew McIntyre
69%
Coup de Grace Finn Balor
69%
Helluva Kick Sami Zayn
69%
Bank Statement Sasha Banks
69%
Bayley to Belly Bayley
67%
Big Ending Big E
67%
Swanton Bomb Jeff Hardy/Sin Cara
67%
Tombstone Piledriver Kane/Undertaker
67%
Stunner Kevin Owens
67%
Gallows Pole Luke Gallows
67%
What's Up R-Truth
67%
Twist of Fade Jeff Hardy/Matt Hardy
64%
Rough Ryder Zack Ryder
64%
End of Days Baron Corbin
62%
Sharpshooter Natalya
62%
Glorious DDT Robert Roode
62%
Kinshasa Shinsuke Nakamura
62%
Disarmher Becky Lynch
60%
Figure Eight Charlotte Flair
60%
No! Lock Daniel Bryan
60%
Future Shock DDT Drew McIntyre
60%
Coast to Coast ShaneMcMahon
60%
Running Powerslam Braun Strowman
57%
Neutralizer Cesaro
57%
Coquina Clutch Samoa Joe
57%
Clash of Titus Titus O'Neil
57%
Black Mass Aleister Black
55%
Natural Selection Charlotte Flair
55%
Eclipse Ember Moon
55%
Last Dance Fandango
55%
Salida del Sol Kalisto
55%
SOS Kofi Kingston
55%
The Accolade Lana/Rusev
55%
Lost in the Woods Xavier Woods
55%
Murphy's Law Buddy Murphy
52%
Gargano Escape Johnny Gargano
52%
Gore Rhyno
52%
White Noise Sheamus
52%
Discus Lariat Harper
50%
Khallas Jinder Mahal
50%
Rear View Naomi
50%
630° Ricochet
50%
Code of Silence Carmella
48%
Perfect Plex Curtis Axel
48%
Gu-Lock Drew Gulak
48%
Riot Kick Ruby Riott
48%
The Viking Experience/Fallout The Viking Raiders
48%
Project Ciampa Tommaso Ciampa
48%
Drift Away Elias
45%
French Kiss Maryse
45%
Mick Kick Mickie James
45%
Magic Killer The Club/Gallows and Anderson
45%
054 Ali
43%
La Sombra Andrade
43%
Superkick Dolph Ziggler/The Usos
43%
Insane Elbow Kairi Sane
43%
Womens Right Lacey Evans
43%
Bromission Matt Riddle
43%
Beauty Shot Tyler Breeze
43%
The Purple Rainmaker Velveteen Dream
43%
Dominator Bobby Lashley
40%
Lumbar Check Cedric Alexander
40%
Metalik Driver Gran Metalik
40%
Shatter Machine The Revival
40%
Freak Accident Lars Sullivan
38%
Last Shot Adam Cole
36%
Spinning Sit-Out Powerbomb Apollo Crews
36%
Last Chapter Authors of Pain
36%
Shades of Kay Billie Kay
36%
Fish Hook Bobby Fish
36%
One Percenter EC3
33%
The Compactor Heavy Machinery
33%
Legdrop Nia Jax
33%
Paydirt Shelton Benjamin
33%
Captain's Hook The Brian Kendrick
33%
Diving Senton Akira Tozawa
31%
Fairy Tale Ending Tommaso Ciampa
31%
Watch Yo'Face/Scissors Kick Alicia Fox
29%
The Bed of Roses Mandy Rose
29%
Ace of Spades Shayna Baszler
29%
Fall of Man The Ascension
29%
Shining Wizard Adam Cole/Xavier Woods
26%
End of Heartache Roderick Strong
26%
Spirit Bomb Keith Lee
24%
Full Nelson Slam Rowan
24%
Sliced Bread #2 The Brian Kendrick
24%
The Running Kneese Tony Nese
24%
Smash Hit Heath Slater
21%
Jersey Codebreaker Liv Morgan
21%
Fastball Punch No Way Jose
21%
Heel Hook Daniel Bryan
19%
TK3 EC3
19%
Running Corner Dropkick Gentleman Jack Gallagher
19%
Tequila Sunrise The Usos
19%
That's a Wrap Aiden English
17%
Wheelbarrow Neckbreaker Eric Young
17%
Gun Stun Karl Anderson
17%
Power of Love Mike Kanellis
17%
Nova Roller Noam Dar
17%
Venus Fly-Trap Suplex Peyton Royce
17%
Rollin' the Dice Bo Dallas
14%
Princess Kick Carmella
14%
Backstabber Epico Colon/Primo Colon
14%
Shooting Star Press Lince Dorado
14%
Split-Legged Frogsplash Lio Rush
14%
Spinebuster Frogsplash Combo Street Profits
14%
Chasing the Dragon Undisputed Era
14%
Feast Your Eyes Dominik Dijakovic
12%
Moonsault Io Shirai/Lacey Evans
12%
Ripcord K.O. Kassius Ohno
12%
Pop-Up Headbutt Sarah Logan
12%
Springboard Moonsault Candice LeRae
10%
Square-Up Kick Sonya Deville
10%
Persian Lion Splash Ariya Daivari
7%
Assisted Spike DDT Danny Burch & Oney Lorcan
5%
Ulster Plantation Kilian Dain
5%
Arabian Night Aliyah
2%
Alley Oop Bianca BelAir
2%
Diving Double Foot Stomp Dakota Kai
2%
London Bridge Danny Burch
2%
No Remorse Jaxson Ryker
2%
Hawaiian Drop Kona Reeves
2%
450 Splash Tony Nese
2%
No matching quizzes found
Score Distribution
Percent of People with Each Score
Percentile by Number Answered
Your Score History
You have not taken this quiz since the last reset